| 000 | 01433nam a2200361Ia 4500 | ||
|---|---|---|---|
| 001 | ebr10434962 | ||
| 003 | CaPaEBR | ||
| 006 | m u | ||
| 007 | cr cn||||||||| | ||
| 008 | 100601s2010 mduaf sbk 001 0 eng d | ||
| 010 | _z 2010022639 | ||
| 020 | _z9780810877184 | ||
| 020 | _z081087718X | ||
| 020 | _z9780810877191 | ||
| 020 | _z0810877198 | ||
| 040 |
_aCaPaEBR _cCaPaEBR |
||
| 035 | _a(OCoLC)701718515 | ||
| 050 | 1 | 4 |
_aML156.7.S44 _bD86 2010eb |
| 082 | 0 | 4 |
_a782.421620092 _222 |
| 100 | 1 | _aDunaway, David King. | |
| 245 | 1 | 2 |
_aA Pete Seeger discography _h[electronic resource] : _bseventy years of recordings / _cDavid King Dunaway. |
| 260 |
_aLanham, Md. : _bScarecrow Press, _c2010. |
||
| 300 |
_axvi, 283 p., [16] p. of plates : _bill. |
||
| 490 | 1 |
_aAmerican folk music and musicians series ; _vno. 14 |
|
| 504 | _aIncludes bibliographical references and indexes. | ||
| 533 |
_aElectronic reproduction. _bPalo Alto, Calif. : _cebrary, _d2011. _nAvailable via World Wide Web. _nAccess may be limited to ebrary affiliated libraries. |
||
| 600 | 1 | 0 |
_aSeeger, Pete, _d1919- _vDiscography. |
| 650 | 0 |
_aFolk music _zUnited States _vDiscography. |
|
| 655 | 7 |
_aElectronic books. _2local |
|
| 710 | 2 | _aebrary, Inc. | |
| 830 | 0 |
_aAmerican folk music and musicians ; _vno. 14. |
|
| 856 | 4 | 0 |
_uhttp://site.ebrary.com/lib/rucke/Doc?id=10434962 _zAn electronic book accessible through the World Wide Web; click to view |
| 999 |
_c235018 _d235018 |
||